[Event "Satka-255"]
[Site "Satka"]
[Date "2013.07.09"]
[Round "9"]
[White "Povolotsky, Evgeny"]
[Black "Baigildin, Albert"]
[Result "0-1"]
[WhiteElo "2079"]
[BlackElo "2191"]
[PlyCount "134"]
[EventDate "2013.??.??"]
[EventType "swiss"]
[EventCountry "RUS"]
[SourceDate "2005.09.12"]

1. d4 Nf6 2. c4 g6 3. Nc3 d5 4. cxd5 Nxd5 5. e4 Nb6 6. Be3 Bg7 7. Nf3 O-O 8.
Be2 Bg4 9. Qd2 Nc6 10. e5 Nb4 11. a3 N4d5 12. Nxd5 Qxd5 13. Rc1 c6 14. h3 Bxf3
15. Bxf3 Qa2 16. Qb4 Qe6 17. O-O Qd7 18. Be4 Rac8 19. Qa5 Ra8 20. f4 e6 21.
Rfd1 Rfc8 22. Rc2 Bh6 23. Kh2 Qd8 24. Rdc1 Nd5 25. Qxd8+ Rxd8 26. Bxd5 Rxd5 27.
Kg3 Bf8 28. Rc3 Rb5 29. R1c2 Be7 30. Kf3 Bd8 31. Ke4 Bb6 32. g4 Rd8 33. Rc4
Rbd5 34. Bf2 R8d7 35. Be3 Kg7 36. Rf2 f5+ 37. exf6+ Kxf6 38. g5+ Kg7 39. h4 Rf5
40. Rh2 h5 41. Rhc2 Rfd5 42. Bf2 Kf7 43. Be3 Ke8 44. Bf2 Kd8 45. Be3 a6 46. Bf2
Kc7 47. Be3 Ba7 48. Bf2 R7d6 49. Rd2 b5 50. Rcc2 Kb7 51. b4 a5 52. Be3 Bb6 53.
Ra2 Rd8 54. Rac2 Ra8 55. Ra2 Bc7 56. Rdb2 Bb6 57. Rd2 Rdd8 58. Ke5 Bc7+ 59. Kf6
Rg8 60. Re2 Raf8+ 61. Kxe6 Rf5 62. d5 Re8+ 63. Kd7 Rd8+ 64. Ke6 cxd5 65. Rad2
Re8+ 66. Kd7 Re4 67. bxa5 Rf7# 0-1

[Event "Satka-255"]
[Site "Satka"]
[Date "2013.07.09"]
[Round "9"]
[White "Khazov, Anton"]
[Black "Imashev, Ildar"]
[Result "0-1"]
[WhiteElo "1976"]
[BlackElo "2273"]
[PlyCount "64"]
[EventDate "2013.??.??"]
[EventType "swiss"]
[EventCountry "RUS"]
[SourceDate "2005.09.12"]

1. Nf3 d5 2. g3 Bg4 3. Bg2 Nd7 4. c4 e6 5. O-O c6 6. d3 Bd6 7. Nbd2 Ne7 8. Qc2
O-O 9. e4 a5 10. b3 a4 11. Bb2 b5 12. h3 Bh5 13. exd5 exd5 14. Rae1 axb3 15.
axb3 Re8 16. Nd4 Qb6 17. N2f3 bxc4 18. dxc4 Bg6 19. Qd1 Nc5 20. cxd5 Nd3 21.
Re2 Nxd5 22. Ne1 Rxe2 23. Qxe2 Nxb2 24. Qxb2 Be5 25. Nef3 Bf6 26. Qd2 Rd8 27.
Re1 Nc7 28. Qf4 Nd5 29. Qd2 h6 30. Ne5 Ne7 31. Nef3 Nf5 32. Qa2 Nxd4 0-1

[Event "Satka-255"]
[Site "Satka"]
[Date "2013.07.09"]
[Round "9"]
[White "Khafizova, Yana"]
[Black "Vaseptsov, Maxim"]
[Result "0-1"]
[WhiteElo "1938"]
[BlackElo "2207"]
[PlyCount "80"]
[EventDate "2013.??.??"]
[EventType "swiss"]
[EventCountry "RUS"]
[SourceDate "2005.09.12"]

1. d4 Nf6 2. c4 e6 3. Nc3 Bb4 4. Bg5 Bxc3+ 5. bxc3 d6 6. Qc2 Qe7 7. e4 e5 8.
Bd3 O-O 9. Ne2 h6 10. Bd2 Re8 11. f3 Nc6 12. O-O b6 13. Rab1 Na5 14. Ng3 Be6
15. d5 Bd7 16. f4 exf4 17. Bxf4 Ng4 18. Rbe1 Ne5 19. Nf5 Bxf5 20. exf5 Qf6 21.
Re4 Nb7 22. Be3 Nc5 23. Bxc5 bxc5 24. Qa4 Reb8 25. Bc2 Rb2 26. Re2 a5 27. h3
Qh4 28. Re4 Qg3 29. f6 Qxc3 30. Bd1 Rb4 31. Qc2 Qxc2 32. Bxc2 Rxc4 33. Rxc4
Nxc4 34. Rf4 Ne5 35. fxg7 Rb8 36. Bb3 Rb4 37. Rf6 Kxg7 38. Rf2 Rd4 39. Kh2 c4
40. Bc2 Rxd5 0-1

[Event "Satka-255"]
[Site "Satka"]
[Date "2013.07.09"]
[Round "9"]
[White "Litvinenko, Ekaterina"]
[Black "Tsvetkov, Pavel"]
[Result "0-1"]
[WhiteElo "1933"]
[BlackElo "2123"]
[PlyCount "62"]
[EventDate "2013.??.??"]
[EventType "swiss"]
[EventCountry "RUS"]
[SourceDate "2005.09.12"]

1. e4 e5 2. Nf3 Nc6 3. Bc4 Nf6 4. d3 h6 5. c3 d6 6. Nbd2 g6 7. Nf1 Nh5 8. Ne3
Bg7 9. Bb3 O-O 10. h3 Kh7 11. Nd5 Ne7 12. Be3 a5 13. a3 Nxd5 14. Bxd5 Be6 15.
Bb3 Qe8 16. Bc2 Qb5 17. b4 axb4 18. axb4 Nf4 19. O-O Rxa1 20. Qxa1 Nxd3 21. Qa7
Nf4 22. Bxf4 exf4 23. Nd4 Bxd4 24. Qxd4 f3 25. g4 h5 26. e5 hxg4 27. hxg4 Qxe5
28. Qxe5 dxe5 29. Re1 Bxg4 30. Rxe5 Rd8 31. Rg5 f5 0-1

[Event "Satka-255"]
[Site "Satka"]
[Date "2013.07.09"]
[Round "9"]
[White "Ivanov, Stepan"]
[Black "Vyalykh, Anastasiya"]
[Result "1-0"]
[WhiteElo "2021"]
[BlackElo "1779"]
[PlyCount "117"]
[EventDate "2013.??.??"]
[EventType "swiss"]
[EventCountry "RUS"]
[SourceDate "2005.09.12"]

1. d4 Nf6 2. c4 g6 3. g3 Bg7 4. Bg2 d6 5. Nc3 c6 6. Nf3 O-O 7. O-O Nh5 8. e4 e5
9. Be3 Nd7 10. b3 exd4 11. Nxd4 Ne5 12. f3 Qe7 13. Qd2 Re8 14. Rad1 Rd8 15. Bg5
f6 16. Be3 Bh8 17. Qf2 Ng7 18. h3 f5 19. f4 Nf7 20. Rfe1 fxe4 21. Nxe4 Nf5 22.
Nxf5 Bxf5 23. Bxa7 Qd7 24. Bd4 Bxe4 25. Rxe4 Bxd4 26. Qxd4 Re8 27. Rde1 Rxe4
28. Qxe4 Kf8 29. Re2 Qc7 30. h4 Qd7 31. Kh2 Nh6 32. Bh3 Qf7 33. Qd4 Rd8 34.
Qh8+ Ng8 35. Be6 Qg7 36. Qxg8+ Qxg8 37. Bxg8 Kxg8 38. Re7 b5 39. cxb5 cxb5 40.
Re4 Rc8 41. a4 bxa4 42. bxa4 Rc5 43. Rd4 d5 44. Kg2 Kf7 45. Rd3 Ke6 46. Ra3 Ra5
47. Kf3 h5 48. Ke3 Kf6 49. Kd4 Kf5 50. Kd3 Ke6 51. Kc3 Rc5+ 52. Kb4 Rc1 53. a5
Rb1+ 54. Kc3 Kd6 55. a6 Rb8 56. a7 Ra8 57. Kd4 Ke6 58. Ra6+ Kf5 59. Kxd5 1-0

[Event "Satka-255"]
[Site "Satka"]
[Date "2013.07.09"]
[Round "9"]
[White "Gabaidulina, Olga"]
[Black "Kanakin, Konstantin"]
[Result "1/2-1/2"]
[WhiteElo "1892"]
[BlackElo "1987"]
[PlyCount "49"]
[EventDate "2013.??.??"]
[EventType "swiss"]
[EventCountry "RUS"]
[SourceDate "2005.09.12"]

1. e4 c5 2. Nf3 Nc6 3. d4 cxd4 4. Nxd4 Nf6 5. Nc3 e5 6. Ndb5 d6 7. Bg5 a6 8.
Na3 b5 9. Nd5 Be7 10. Bxf6 Bxf6 11. c3 O-O 12. Nc2 Bg5 13. Bd3 Be6 14. Nce3
Bxe3 15. Nxe3 Ne7 16. O-O g6 17. a4 Qb6 18. axb5 axb5 19. Qd2 f5 20. Rxa8 Rxa8
21. Nxf5 gxf5 22. Qg5+ Kf7 23. Qh5+ Kf6 24. Qh4+ Kf7 25. Qh5+ 1/2-1/2

[Event "Satka-255"]
[Site "Satka"]
[Date "2013.07.09"]
[Round "9"]
[White "Yanko, Ivan"]
[Black "Soldatenkov, Anton"]
[Result "0-1"]
[WhiteElo "1641"]
[BlackElo "1796"]
[PlyCount "48"]
[EventDate "2013.??.??"]
[EventType "swiss"]
[EventCountry "RUS"]
[SourceDate "2005.09.12"]

1. e4 e6 2. d4 d5 3. e5 c5 4. c3 Qb6 5. Nf3 Nc6 6. a3 Bd7 7. b4 cxd4 8. cxd4
Rc8 9. Bb2 Na5 10. Nbd2 Nc4 11. Bxc4 dxc4 12. Rc1 Qa6 13. Rc3 Ne7 14. O-O Nd5
15. Ne4 Bc6 16. Nfg5 Nxc3 17. Qf3 Ne2+ 18. Kh1 Rc7 19. Qxe2 Bxe4 20. Nxe4 Be7
21. Qg4 c3 22. Rb1 cxb2 23. Nc5 Bxc5 24. dxc5 Qd3 0-1

[Event "Satka-255"]
[Site "Satka"]
[Date "2013.07.09"]
[Round "9"]
[White "Kurshev, Nikita"]
[Black "Kiseleva, Olga"]
[Result "1/2-1/2"]
[WhiteElo "1822"]
[BlackElo "1737"]
[PlyCount "76"]
[EventDate "2013.??.??"]
[EventType "swiss"]
[EventCountry "RUS"]
[SourceDate "2005.09.12"]

1. e4 e5 2. f4 d5 3. exd5 exf4 4. Bc4 Nf6 5. Nc3 Nbd7 6. Nf3 Nb6 7. Bb3 Nbxd5
8. Qe2+ Be7 9. O-O Nxc3 10. dxc3 O-O 11. Bxf4 Bc5+ 12. Kh1 Re8 13. Qc4 Qe7 14.
Ng5 Be6 15. Nxe6 fxe6 16. Rfe1 Nd5 17. Be5 Bd6 18. Qg4 Rad8 19. Re2 c5 20. Rae1
Nc7 21. Bc4 b5 22. Bd3 c4 23. Bxd6 Qxd6 24. Be4 Nd5 25. Qh5 h6 26. g3 a6 27.
Bg2 Nf6 28. Qf3 e5 29. Qf5 e4 30. Bxe4 Nxe4 31. Rxe4 Qc6 32. Qf3 Rxe4 33. Rxe4
Rf8 34. Qg2 Rf1+ 35. Qxf1 Qxe4+ 36. Kg1 Qxc2 37. Qa1 a5 38. a3 a4 1/2-1/2

[Event "Satka-255"]
[Site "Satka"]
[Date "2013.07.09"]
[Round "9"]
[White "Polosin, Evgeni"]
[Black "Akhunova, Syumbel"]
[Result "1-0"]
[WhiteElo "2114"]
[BlackElo "1842"]
[PlyCount "101"]
[EventDate "2013.??.??"]
[EventType "swiss"]
[EventCountry "RUS"]
[SourceDate "2005.09.12"]

1. e4 e5 2. Nf3 Nc6 3. d4 exd4 4. Bc4 d6 5. O-O Nf6 6. Re1 Bg4 7. Bb5 Be7 8.
Bxc6+ bxc6 9. Qxd4 O-O 10. Nc3 Nd7 11. h3 Be6 12. Ne2 Bf6 13. Qd1 Rb8 14. c3
Nb6 15. Nf4 Bc4 16. Qc2 Nd7 17. b3 Be6 18. Nxe6 fxe6 19. Nd4 Bxd4 20. cxd4 Qf6
21. Be3 e5 22. Qxc6 exd4 23. Qc4+ Kh8 24. Bxd4 Ne5 25. Qe2 Nf3+ 26. Qxf3 Qxd4
27. Qe3 Qe5 28. Qxa7 c5 29. Qa6 Rf6 30. Qf1 Rbf8 31. Re2 Qd4 32. Rd1 Qb4 33.
Qe1 Qb6 34. Qd2 Rg6 35. Qc3 Qd8 36. Rd3 Qe7 37. e5 Qb7 38. Rg3 Re6 39. Ree3
dxe5 40. Qxc5 Rc8 41. Rgf3 h6 42. Rf8+ Rxf8 43. Qxf8+ Kh7 44. Qf5+ Rg6 45. Rg3
Qc6 46. Rxg6 Qxg6 47. Qxg6+ Kxg6 48. a4 Kf6 49. a5 Ke6 50. a6 Kd6 51. a7 1-0

[Event "Satka-255"]
[Site "Satka"]
[Date "2013.07.09"]
[Round "9"]
[White "Muksimova, Oksana"]
[Black "Bogachev, Victor"]
[Result "1/2-1/2"]
[WhiteElo "1807"]
[BlackElo "1932"]
[PlyCount "20"]
[EventDate "2013.??.??"]
[EventType "swiss"]
[EventCountry "RUS"]
[SourceDate "2005.09.12"]

1. d4 c6 2. c4 d5 3. e3 Nf6 4. Nc3 Bf5 5. Nf3 e6 6. Qb3 Qc7 7. Be2 Nbd7 8. O-O
dxc4 9. Bxc4 Nb6 10. Be2 Be7 1/2-1/2

[Event "Satka-255"]
[Site "Satka"]
[Date "2013.07.09"]
[Round "9"]
[White "Fedotov, Danil"]
[Black "Allayarova, Lira"]
[Result "1-0"]
[WhiteElo "1802"]
[BlackElo "1599"]
[PlyCount "61"]
[EventDate "2013.??.??"]
[EventType "swiss"]
[EventCountry "RUS"]
[SourceDate "2005.09.12"]

1. e4 e5 2. Nf3 Nc6 3. Bb5 a6 4. Ba4 Nf6 5. O-O Be7 6. Re1 b5 7. Bb3 d6 8. c3
O-O 9. h3 Re8 10. d4 Bb7 11. Nbd2 Bf8 12. Bc2 h6 13. Nf1 g6 14. g4 Nh7 15. Bd2
Qf6 16. d5 Nb8 17. b3 Nd7 18. Kg2 Nc5 19. Qc1 g5 20. Ng3 Bg7 21. Rh1 Bc8 22.
Be3 Nb7 23. Qd2 Nf8 24. Nf5 Ng6 25. Rag1 Nf4+ 26. Kf1 Kf8 27. h4 Bxf5 28. gxf5
gxh4 29. Rxh4 Ke7 30. Rxf4 exf4 31. Bd4 1-0

[Event "Satka-255"]
[Site "Satka"]
[Date "2013.07.09"]
[Round "9"]
[White "Kazantsev, Nikita"]
[Black "Leolko, Ludmila"]
[Result "1-0"]
[WhiteElo "1951"]
[BlackElo "1792"]
[PlyCount "75"]
[EventDate "2013.??.??"]
[EventType "swiss"]
[EventCountry "RUS"]
[SourceDate "2005.09.12"]

1. e4 c5 2. Nf3 d6 3. d4 cxd4 4. Nxd4 Nf6 5. Nc3 g6 6. Be3 Bg7 7. f3 Nc6 8. Qd2
Qa5 9. g4 Bxg4 10. fxg4 Nxg4 11. Nb3 Qh5 12. Bf4 e5 13. Bg3 O-O-O 14. Be2 f5
15. Nd5 Qh3 16. Qc3 f4 17. Ne7+ Kd7 18. Nxc6 bxc6 19. Bxf4 Qxc3+ 20. bxc3 exf4
21. Bxg4+ Kc7 22. Nd4 Rhe8 23. O-O-O Bxd4 24. Rxd4 Re5 25. h4 h6 26. Rf1 Rf8
27. Rfd1 Rf6 28. Bf3 g5 29. Rh1 Re7 30. hxg5 hxg5 31. Ra4 Kb7 32. Kd2 Rg6 33.
Rb4+ Kc7 34. Bg4 c5 35. Ra4 Kb7 36. Rb1+ Kc6 37. Ra6+ Kc7 38. Rxa7+ 1-0

[Event "VII Weekend A"]
[Site "Chioggia"]
[Date "2012.10.12"]
[Round "1"]
[White "Aprile, Martino"]
[Black "Del Monaco, Andrea"]
[Result "0-1"]
[WhiteElo "1920"]
[BlackElo "2275"]
[PlyCount "179"]
[EventDate "2012.10.12"]
[EventType "swiss"]
[EventRounds "5"]
[EventCountry "ITA"]
[SourceDate "2005.09.12"]

1. e4 c5 2. Nc3 g6 3. f4 Bg7 4. Nf3 Nc6 5. Bb5 Nd4 6. O-O Nf6 7. a4 O-O 8. d3
d6 9. h3 d5 10. exd5 Nxd5 11. Nxd5 Qxd5 12. Bc4 Qd6 13. Nxd4 Bxd4+ 14. Kh1 Bd7
15. Qe1 Rae8 16. c3 Bg7 17. a5 Qc6 18. Qe4 Qc7 19. Qf3 Bc6 20. Qf2 e6 21. Be3
b6 22. axb6 axb6 23. Ra6 Ra8 24. Rfa1 Rxa6 25. Rxa6 Qb7 26. Ra1 Ra8 27. Rxa8+
Qxa8 28. d4 cxd4 29. Bxd4 Bxd4 30. cxd4 Qa1+ 31. Kh2 Qc1 32. Bb3 b5 33. Kg3 Be4
34. Kh2 h5 35. Kg3 Qc7 36. Qd2 Qd8 37. h4 Qd6 38. Qe3 Qc6 39. Qd2 Kg7 40. Qc3
Bxg2 41. Qxc6 Bxc6 42. Kf2 Kf6 43. Bc2 b4 44. Ke3 Ke7 45. Bd3 Ba4 46. Bc4 Kd6
47. Kd2 Bc6 48. Ke3 Bd5 49. Bb5 Ba2 50. Be8 Ke7 51. Bb5 Bb1 52. Ba4 Kf6 53. Bd1
Bf5 54. Be2 Bc2 55. Bf1 Ke7 56. Kd2 Be4 57. Ke3 Bd5 58. Bb5 Kf6 59. Bf1 Kg7 60.
Kf2 f6 61. Kg3 Kh6 62. Be2 g5 63. Bd1 g4 64. Bc2 Kg7 65. Bd3 Bc6 66. Bc4 Bd7
67. Bb3 Kf8 68. Bc2 Ke7 69. Bd3 f5 70. Bc4 Bc6 71. Kf2 Kd6 72. Kg3 Bd5 73. Bb5
Bc6 74. Bc4 Bd7 75. Kf2 Kc6 76. Kg3 Bc8 77. Kf2 Kd6 78. Kg3 Bb7 79. Kf2 Bd5 80.
Bb5 Bc6 81. Bc4 Be4 82. Kg3 Bd5 83. Bb5 Bb3 84. Be8 Ke7 85. Bb5 Bd5 86. Kf2 Bb7
87. Kg3 Bc8 88. Kf2 Bd7 89. Bc4 Be8 90. Kg3 {<n.u.r.; 101B>} 0-1

[Event "VII Weekend A"]
[Site "Chioggia"]
[Date "2012.10.12"]
[Round "1"]
[White "Bacchini, Stefano"]
[Black "Cacco, Christian"]
[Result "0-1"]
[WhiteElo "1958"]
[BlackElo "2302"]
[PlyCount "70"]
[EventDate "2012.10.12"]
[EventType "swiss"]
[EventRounds "5"]
[EventCountry "ITA"]
[SourceDate "2005.09.12"]

1. f4 d5 2. Nf3 g6 3. e3 Bg7 4. d3 b6 5. Be2 Nh6 6. O-O Bb7 7. c4 dxc4 8. Qa4+
Nd7 9. Qxc4 Nf5 10. e4 Nd6 11. Qc2 e6 12. Be3 O-O 13. Nbd2 Rc8 14. Rad1 c5 15.
Nc4 Nb8 16. b3 Nc6 17. Nce5 Nb5 18. Qd2 Ncd4 19. Rfe1 Qc7 20. b4 Nxf3+ 21. Nxf3
Bc3 22. Qc2 cxb4 23. Rf1 Nd4 24. Nxd4 Bxd4 25. Qd2 Qc3 26. Bxd4 Qxd4+ 27. Rf2
Rfd8 28. f5 Bxe4 29. f6 Bf5 30. g4 Qxf6 31. gxf5 exf5 32. Qxb4 Rd4 33. Qa3 a5
34. Rg2 Rb4 35. Bf1 Rc3 0-1

[Event "VII Weekend A"]
[Site "Chioggia"]
[Date "2012.10.12"]
[Round "1"]
[White "Ballarin, Gabriele"]
[Black "Omeri, Silvan"]
[Result "0-1"]
[WhiteElo "1877"]
[BlackElo "2203"]
[PlyCount "60"]
[EventDate "2012.10.12"]
[EventType "swiss"]
[EventRounds "5"]
[EventCountry "ITA"]
[SourceDate "2005.09.12"]

1. e4 e5 2. Nf3 Nc6 3. Bc4 d6 4. c3 Be6 5. Bxe6 fxe6 6. Qb3 Qc8 7. d3 Be7 8.
Nbd2 Bf6 9. Nf1 Nge7 10. Ne3 O-O 11. Bd2 Kh8 12. g4 Ng6 13. Ng2 a5 14. h4 a4
15. Qd1 Be7 16. Qe2 Nf4 17. Bxf4 exf4 18. O-O-O e5 19. Nd2 b5 20. f3 b4 21. Kb1
a3 22. Nb3 axb2 23. Qxb2 bxc3 24. Qxc3 Qa6 25. Rd2 Rfb8 26. Rh2 Nd4 27. Ne1 d5
28. Rb2 Bb4 29. Nc5 Bxc3 30. Nxa6 Rc8 0-1

[Event "VII Weekend A"]
[Site "Chioggia"]
[Date "2012.10.12"]
[Round "1"]
[White "Basso, Pier Luigi"]
[Black "Losso, Agostino"]
[Result "1-0"]
[WhiteElo "2105"]
[BlackElo "1751"]
[PlyCount "47"]
[EventDate "2012.10.12"]
[EventType "swiss"]
[EventRounds "5"]
[EventCountry "ITA"]
[SourceDate "2005.09.12"]

1. e4 c5 2. Nc3 g6 3. f4 Bg7 4. Nf3 Nc6 5. Bc4 e6 6. O-O Nge7 7. d3 Na5 8. f5
Nxc4 9. dxc4 gxf5 10. Bg5 Bxc3 11. bxc3 d6 12. Bf6 Rg8 13. exf5 exf5 14. Ng5
Be6 15. Qh5 Rg6 16. Qxh7 Qd7 17. Nxe6 Qxe6 18. Bxe7 Qxe7 19. Rae1 Re6 20. Rxe6
fxe6 21. Qg8+ Qf8 22. Qxe6+ Kd8 23. Rxf5 Qe7 24. Qg8+ 1-0

[Event "VII Weekend A"]
[Site "Chioggia"]
[Date "2012.10.12"]
[Round "1"]
[White "Bellemo, Davide"]
[Black "Boscolo, Marco B"]
[Result "1-0"]
[WhiteElo "2125"]
[BlackElo "1809"]
[PlyCount "71"]
[EventDate "2012.10.12"]
[EventType "swiss"]
[EventRounds "5"]
[EventCountry "ITA"]
[SourceDate "2005.09.12"]

1. d4 g6 2. c4 f5 3. Nc3 Nf6 4. g3 Bg7 5. Bg2 O-O 6. Nf3 d6 7. O-O Nc6 8. d5
Ne5 9. Nxe5 dxe5 10. b3 a6 11. Re1 h6 12. e4 f4 13. gxf4 Nh5 14. f5 Nf4 15.
Bxf4 exf4 16. Rc1 Qd6 17. e5 Bxe5 18. Ne4 Qa3 19. fxg6 f3 20. Bxf3 Qb2 21. Rc2
Qxc2 22. Qxc2 Rxf3 23. Ng3 Bd4 24. Re2 Bg4 25. Qe4 Rxg3+ 26. hxg3 Bxe2 27. Qxe7
Bg7 28. Qxe2 Rf8 29. f4 Bd4+ 30. Kg2 Bf6 31. f5 Kg7 32. g4 h5 33. gxh5 Kh6 34.
Kg3 Kg5 35. Qg4+ Kh6 36. g7 1-0

[Event "VII Weekend A"]
[Site "Chioggia"]
[Date "2012.10.12"]
[Round "1"]
[White "Boschesi, Giovanni"]
[Black "Milazzo, Mario"]
[Result "0-1"]
[WhiteElo "1611"]
[BlackElo "2075"]
[PlyCount "48"]
[EventDate "2012.10.12"]
[EventType "swiss"]
[EventRounds "5"]
[EventCountry "ITA"]
[SourceDate "2005.09.12"]

1. e4 e5 2. Nf3 Nc6 3. Bb5 a6 4. Ba4 Nf6 5. O-O Be7 6. Re1 b5 7. Bb3 d6 8. c3
O-O 9. h3 Na5 10. Bc2 c5 11. d3 Qc7 12. d4 Bd7 13. b3 cxd4 14. cxd4 Rac8 15.
Re2 Nc6 16. a3 Ne8 17. Bb2 Bf6 18. Rd2 Nxd4 19. Nxd4 exd4 20. Bd3 Qb6 21. f4
Nc7 22. e5 dxe5 23. fxe5 Bg5 24. Bxd4 Qxd4+ 0-1

[Event "VII Weekend A"]
[Site "Chioggia"]
[Date "2012.10.12"]
[Round "1"]
[White "Boscolo, Federico"]
[Black "Cardarelli, Angelo"]
[Result "1-0"]
[WhiteElo "2320"]
[BlackElo "1965"]
[PlyCount "121"]
[EventDate "2012.10.12"]
[EventType "swiss"]
[EventRounds "5"]
[EventCountry "ITA"]
[SourceDate "2005.09.12"]

1. e4 e6 2. d4 d5 3. Nd2 Be7 4. Bd3 Nf6 5. e5 Nfd7 6. Ne2 c5 7. c3 Nc6 8. O-O
O-O 9. Nf3 cxd4 10. cxd4 f6 11. Nf4 Ndxe5 12. dxe5 fxe5 13. Ne2 e4 14. Bxe4
dxe4 15. Qxd8 Rxd8 16. Ng5 b6 17. Nxe4 Ba6 18. N4g3 Bh4 19. Re1 Nb4 20. Be3 Nc2
21. Nf4 Nxa1 22. Rxa1 Bxg3 23. hxg3 Kf7 24. a4 Rd7 25. a5 b5 26. b4 Bb7 27. a6
Be4 28. Ra5 Rb8 29. Ne2 e5 30. Nc3 Bd3 31. Bc5 Ke6 32. g4 Rf7 33. Ra3 e4 34.
Ra1 Rd8 35. Re1 Rdd7 36. f3 Ke5 37. Kf2 Rf6 38. Ra1 Rdf7 39. Ke3 Rf4 40. Bd4+
Ke6 41. Rc1 g5 42. Rh1 exf3 43. Kxd3 f2 44. Rf1 Rd7 45. Nxb5 Rdxd4+ 46. Nxd4+
Ke5 47. Rxf2 Rxd4+ 48. Kc3 Rxg4 49. Rf7 h5 50. Rxa7 Rxg2 51. Rb7 Ra2 52. Rb5+
Kd6 53. Rxg5 Kc7 54. Rg6 h4 55. Kc4 Rf2 56. Rh6 Rf4+ 57. Kb5 Rf5+ 58. Ka4 Rf4
59. Ka5 Rf1 60. Rxh4 Kc6 61. Rc4+ 1-0

[Event "VII Weekend A"]
[Site "Chioggia"]
[Date "2012.10.12"]
[Round "1"]
[White "Boscolo, Marco"]
[Black "Rossi, Gianni"]
[Result "1-0"]
[WhiteElo "2150"]
[BlackElo "1862"]
[PlyCount "65"]
[EventDate "2012.10.12"]
[EventType "swiss"]
[EventRounds "5"]
[EventCountry "ITA"]
[SourceDate "2005.09.12"]

1. Nf3 b6 2. e4 Bb7 3. Bc4 e6 4. Qe2 Ne7 5. O-O Ng6 6. d4 Be7 7. Nc3 O-O 8. d5
e5 9. Ne1 d6 10. Nd3 Nd7 11. a4 Bg5 12. Be3 Bxe3 13. fxe3 Qh4 14. Bb5 Nf6 15.
Nf2 Bc8 16. a5 Bg4 17. Nxg4 Nxg4 18. h3 Nf6 19. Bc6 Rab8 20. Qf2 Qg5 21. axb6
axb6 22. Ra7 Rbc8 23. Kh2 Qh6 24. Qf3 Nh4 25. Qg3 Ng6 26. Ra4 Nh5 27. Qf3 Nh4
28. Qf2 Nf6 29. Qg3 Ng6 30. Rc4 Ne7 31. Bb7 Nh5 32. Qe1 f5 33. Bxc8 1-0

[Event "VII Weekend A"]
[Site "Chioggia"]
[Date "2012.10.12"]
[Round "1"]
[White "Buriani, Andrea"]
[Black "Lantschner, Carmen"]
[Result "1-0"]
[WhiteElo "2083"]
[BlackElo "1665"]
[PlyCount "65"]
[EventDate "2012.10.12"]
[EventType "swiss"]
[EventRounds "5"]
[EventCountry "ITA"]
[SourceDate "2005.09.12"]

1. d4 d6 2. e4 Nf6 3. Bd3 g6 4. Nf3 Bg7 5. O-O Bg4 6. Nbd2 e5 7. c3 exd4 8.
cxd4 O-O 9. h3 Bxf3 10. Nxf3 Re8 11. Re1 Nc6 12. Qb3 Rb8 13. Bd2 Re7 14. Rac1
Kf8 15. e5 dxe5 16. dxe5 Nd7 17. Bg5 f6 18. exf6 Bxf6 19. Bxf6 Nxf6 20. Rxe7
Nxe7 21. Ng5 Qd5 22. Ne6+ Kf7 23. Bc4 Qe5 24. Nxc7+ Kg7 25. Ne6+ Kh8 26. Qf3
Nc6 27. Rc2 Nd4 28. Nxd4 Qxd4 29. Qd3 Qb6 30. Qb3 Qd4 31. Qc3 Qb6 32. Qe3 Qa5
33. Qe7 {<n.u.r.; 34N>} 1-0

[Event "VII Weekend A"]
[Site "Chioggia"]
[Date "2012.10.12"]
[Round "1"]
[White "Caldara, Sisto"]
[Black "Vianello, Enrico"]
[Result "0-1"]
[WhiteElo "1821"]
[BlackElo "2143"]
[PlyCount "83"]
[EventDate "2012.10.12"]
[EventType "swiss"]
[EventRounds "5"]
[EventCountry "ITA"]
[SourceDate "2005.09.12"]

1. d4 d5 2. c4 Nc6 3. cxd5 Qxd5 4. e3 e5 5. Nc3 Bb4 6. Bd2 Bxc3 7. bxc3 Nf6 8.
c4 Qd6 9. d5 Nb8 10. Qb1 Na6 11. e4 O-O 12. f3 Nc5 13. Ne2 Nfd7 14. Nc3 Qg6 15.
g4 h5 16. Rg1 hxg4 17. Rxg4 Qh5 18. Be3 f5 19. exf5 Rxf5 20. Be2 Qf7 21. Qc2
Rh5 22. O-O-O b6 23. Rdg1 Nf6 24. Rxg7+ Qxg7 25. Rxg7+ Kxg7 26. Bxc5 bxc5 27.
Bd3 Bh3 28. Qf2 Bf5 29. Bxf5 Rxf5 30. Qxc5 Rf8 31. Qxc7+ Rf7 32. Qc5 Rxf3 33.
Qg1+ Kh8 34. Nb5 Nxd5 35. Kb2 Rf2+ 36. Kb3 R7f3+ 37. Nc3 Nxc3 38. Qg6 Nd5+ 39.
Ka4 Rxa2+ 40. Kb5 a6+ 41. Kc5 Ra5+ 42. Kd6 0-1

[Event "VII Weekend A"]
[Site "Chioggia"]
[Date "2012.10.12"]
[Round "1"]
[White "Ceschia, Ivano"]
[Black "Zamengo, Bruno"]
[Result "1-0"]
[WhiteElo "2282"]
[BlackElo "1939"]
[PlyCount "53"]
[EventDate "2012.10.12"]
[EventType "swiss"]
[EventRounds "5"]
[EventCountry "ITA"]
[SourceDate "2005.09.12"]

1. e4 e6 2. d4 d5 3. Nc3 Bb4 4. Bd3 c5 5. exd5 exd5 6. dxc5 Nc6 7. Nf3 Bxc5 8.
O-O Nf6 9. Bg5 Be6 10. Ne2 O-O 11. Nf4 h6 12. Bh4 Qc7 13. Bg3 Bd6 14. Nxe6 fxe6
15. c4 Rad8 16. Qe2 Rfe8 17. Rac1 d4 18. a3 Nb8 19. Ne5 Nbd7 20. f4 a5 21. c5
Bxe5 22. fxe5 Nh7 23. Bxh7+ Kxh7 24. Qe4+ Kg8 25. Qxd4 Nf6 26. exf6 Rxd4 27.
Bxc7 1-0

[Event "VII Weekend A"]
[Site "Chioggia"]
[Date "2012.10.12"]
[Round "1"]
[White "Desideri, Alessandro"]
[Black "Negro, Roberto"]
[Result "0-1"]
[WhiteElo "1800"]
[BlackElo "2106"]
[PlyCount "60"]
[EventDate "2012.10.12"]
[EventType "swiss"]
[EventRounds "5"]
[EventCountry "ITA"]
[SourceDate "2005.09.12"]

1. e4 g6 2. d3 Bg7 3. g3 c5 4. Nd2 Nc6 5. Ngf3 e6 6. Bg2 Nge7 7. O-O O-O 8. Re1
d6 9. Nf1 Rb8 10. c3 Qa5 11. Ne3 b5 12. d4 cxd4 13. cxd4 Nxd4 14. Nxd4 Bxd4 15.
b4 Qb6 16. Rb1 e5 17. Rf1 Be6 18. Nd5 Nxd5 19. exd5 Bf5 20. Rb3 Rfc8 21. Qf3
Bc2 22. Ra3 f5 23. Qe2 Rc4 24. g4 fxg4 25. Rg3 Bf5 26. Kh1 Rc2 27. Qe1 Bxf2 28.
Rxf2 Qxf2 29. Qxf2 Rxf2 30. Be3 Rxa2 {abb.} 0-1

[Event "VII Weekend A"]
[Site "Chioggia"]
[Date "2012.10.12"]
[Round "1"]
[White "Dragojlovic, Andjelko"]
[Black "Boscolo, Max"]
[Result "1-0"]
[WhiteElo "2350"]
[BlackElo "1982"]
[PlyCount "60"]
[EventDate "2012.10.12"]
[EventType "swiss"]
[EventRounds "5"]
[EventCountry "ITA"]
[SourceDate "2005.09.12"]

1. e4 g6 2. h4 Bg7 3. h5 d5 4. exd5 Qxd5 5. Nc3 Qd8 6. Bc4 Nc6 7. d3 Ne5 8. Bb3
gxh5 9. Qxh5 Ng6 10. Nf3 Nf6 11. Qh2 c6 12. Ng5 e6 13. Bd2 Nd5 14. Nge4 Be5 15.
g3 Qc7 16. O-O-O Bd7 17. Bg5 h6 18. Bh4 Nxh4 19. Qxh4 Qd8 20. d4 Nxc3 21. bxc3
Qxh4 22. Rxh4 Bc7 23. Rdh1 O-O-O 24. Rxh6 Rxh6 25. Rxh6 Rf8 26. Rh7 Kd8 27. Kd2
Ke7 28. Ke3 Rg8 29. f4 Ba5 30. Ng5 Be8 {<n.u.r.; 41B>} 1-0

[Event "VII Weekend A"]
[Site "Chioggia"]
[Date "2012.10.12"]
[Round "1"]
[White "Engl, Stefan"]
[Black "Santolini, Luigi"]
[Result "0-1"]
[WhiteElo "1864"]
[BlackElo "2157"]
[PlyCount "84"]
[EventDate "2012.10.12"]
[EventType "swiss"]
[EventRounds "5"]
[EventCountry "ITA"]
[SourceDate "2005.09.12"]

1. f4 d5 2. e3 Nf6 3. Nf3 e6 4. b3 Be7 5. Bb2 O-O 6. Bd3 c5 7. Nc3 Nc6 8. O-O
a6 9. Qe1 b5 10. a4 b4 11. Ne2 Bb7 12. Qh4 Ne4 13. Qh3 f5 14. Bxe4 dxe4 15. Ng5
Bxg5 16. fxg5 Qxg5 17. Rf4 e5 18. Rh4 h6 19. Rh5 Qg6 20. Rf1 Rad8 21. Bc1 Bc8
22. Qh4 Be6 23. Rf2 f4 24. Nxf4 exf4 25. Rxc5 Bd5 26. Bb2 f3 27. Qg3 Qxg3 28.
hxg3 fxg2 29. Rxg2 Ne7 30. Rc7 Rf7 31. Rh2 Rc8 32. Rxc8+ Nxc8 33. Rh5 Rd7 34.
Re5 Ne7 35. Bd4 Nc6 36. Re8+ Kf7 37. Rc8 Nxd4 38. exd4 Be6 39. Rc6 Rxd4 40.
Rxa6 Rxd2 41. Rc6 e3 42. Kf1 Bg4 0-1